000 00604cam a22002052 4500
001 0000002054
005 20151217155815.0
008 070402s xx 000 0 eng d
020 _a9966760016 :
_cKES 400
040 _aKABU
_cKABU
050 0 _aHF1008
_b.S77
110 2 _aStrathmore University.
_bDistance Learning Centre.
_@0000150769
245 1 0 _aBusiness studies :
_bform four paper no. 565.
260 _aNairobi :
_bS.U.P.,
_c2006.
300 _axiv, 230 p.
650 0 _aBusiness.
_@0000149956
908 _a070402
950 _@1
999 _c12685
_d12685